| 000 | 00764nam a22001935i 4500 | ||
|---|---|---|---|
| 001 | 53918 | ||
| 003 | ES-MaACL | ||
| 005 | 20230906162843.0 | ||
| 007 | t| | ||
| 008 | 960708s1862 sp ||||1| spa d | ||
| 080 | _a262.2(460.27 M.)(065.55) | ||
| 110 | 2 |
_aJunta Parroquial de Beneficencia de San Luis (Madrid) _9176204 |
|
| 245 | 1 | 0 |
_aMemoria leída por el vocal secretario de la Junta Parroquial de Beneficencia de San Luis en la sesión celebrada por dicha junta el 27 de enero de 1862 / _c[José Fernández Tielve]. |
| 260 |
_aMadrid : _b[s.n.], _c1862 ( _fOficina tip. de los Asilos de San Bernardino) |
||
| 300 |
_a15 p. ; _c21 cm. |
||
| 650 | 4 |
_aBeneficencia- _zMadrid. _9150492 |
|
| 700 | 1 |
_aFernández Tielve, José. _950115 |
|
| 852 | 4 |
_aES-MaACL _jT-81-F-4 |
|
| 999 |
_c53918 _d53918 |
||